Missing Word: 'I' Literature Quiz Stats

 Plays Quiz Updated Apr 2, 2018

Score 0/19 Timer 03:00
0 Plays Today
Title 'I' Word % Correct
Treasure _____Island
95.6%
Coming _____ the CountryInto
83.8%
A Passage to _____India
81.8%
The _____ of Being EarnestImportance
77.8%
Extremely Loud and _____ CloseIncredibly
70.7%
The _____ HorseIron
68.6%
_____ of MaladiesInterpreter
67.6%
One Day in the Life of _____ DenisovichIvan
66.9%
_____ ManInvisible
62.6%
_____ with the VampireInterview
56.7%
Title 'I' Word % Correct
Night of the _____Iguana
39%
_____ a Magical WorldIt's
38.1%
Songs of _____, Songs of ExperienceInnocence
36.1%
_____ JestInfinite
32.5%
The _____ ManIllustrated
30.5%
An _____ into the Nature and Causes of the Wealth of NationsInquiry
27.7%
Philosophical _____Investigations
5.9%
Villa _____Incognito
4.3%
The Revolt of _____ and OzymandiasIslam
3.7%

Today's Daily Dose

You're not logged in!

Compare scores with friends on all Sporcle quizzes.
OR
Log In

Sporcle TV

Today on Sporcle TV


Watch our educational content, quiz creation guides, and fun videos on Sporcle TV.

Show Comments

Extras

Top Quizzes Today


Score Distribution

Your Account Isn't Verified!

In order to create a playlist on Sporcle, you need to verify the email address you used during registration. Go to your Sporcle Settings to finish the process.

Report this User

Report this user for behavior that violates our Community Guidelines.

Details: